| 000 | 00560cam a22002051 4500 | ||
|---|---|---|---|
| 001 | he 67001755 | ||
| 003 | DLC | ||
| 005 | 20260227111450.0 | ||
| 008 | 870522s1966 is a 000 0 yidr | ||
| 010 | _ahe 67001755 | ||
| 035 | _a(OCoLC)15727987 | ||
| 040 |
_aDLC _cTxU _dTxU _dDLC |
||
| 042 | _apremarc | ||
| 050 | 0 | 0 |
_aPJ5129.F534 _bD4 |
| 100 | 1 | _aFishman, Rokhel. | |
| 245 | 1 | 0 |
_aDerner nokhn regn _c[fun] Rahel Fishman. |
| 260 |
_a[Tel-Aviv, _bYisroel-Bukh, _c1966] |
||
| 300 |
_a84 p. _billus. _c21 cm. |
||
| 500 | _a"Lider geshribn in di yorn 1962-1966" | ||
| 999 |
_c32630 _d32630 |
||